[Event "FIDE World Youth U16 Chess Olympiad SLOVAKIA 2016"]
[Site "Poprad Tatry SLOVAKIA"]
[Date "2016.07.25"]
[Round "5"]
[Board "1"]
[White "Beukema, Jasper"]
[Black "Gorodetzky, David"]
[Result "0-1"]
[WhiteElo "2163"]
[BlackElo "2331"]
[PlyCount "112"]
[EventDate "2016.07.22"]
[EventType "team"]
[EventRounds "9"]
[EventCountry "SVK"]
[WhiteTeam "Belgium"]
[BlackTeam "Israel Rehovot Chess School"]

1. d4 e6 2. c4 Nf6 3. Nf3 b6 4. e3 Bb7 5. Bd3 d5 6. Nbd2 Nbd7 7. O-O Bd6 8. a3
O-O 9. b4 c5 10. bxc5 bxc5 11. cxd5 exd5 12. dxc5 Nxc5 13. Be2 Bc6 14. Nd4 Ba4
15. Qe1 Bc7 16. Bd1 Qd7 17. N2b3 Nxb3 18. Bxb3 Bxb3 19. Nxb3 Be5 20. Rb1 Qf5
21. Nd2 Ng4 22. f4 Bd6 23. e4 dxe4 24. Nxe4 Bc5+ 25. Nxc5 Qxb1 26. Qc3 Qb6 27.
Bb2 Nf6 28. Kh1 Rac8 29. Nd7 Rxc3 30. Nxb6 Rc2 31. Bxf6 axb6 32. Be7 Rfc8 33.
Kg1 f6 34. Bb4 Kf7 35. Rf3 Rc1+ 36. Kf2 R8c2+ 37. Kg3 Rg1 38. Rf2 Rxf2 39. Kxf2
Rc1 40. Ke3 Rc4 41. g3 Ke6 42. Kd3 b5 43. Bf8 g6 44. Bb4 h5 45. Bd2 Kf5 46. h3
Ke6 47. g4 Kd5 48. Ke3 Re4+ 49. Kd3 Rd4+ 50. Ke3 Kc4 51. Bb4 f5 52. gxf5 gxf5
53. h4 Rd3+ 54. Ke2 Kd4 55. Kf2 Ke4 56. Ke2 Rh3 0-1

[Event "FIDE World Youth U16 Chess Olympiad SLOVAKIA 2016"]
[Site "Poprad Tatry SLOVAKIA"]
[Date "2016.07.25"]
[Round "5"]
[Board "2"]
[White "Zlatin, Alexander"]
[Black "Huygebaert, Batist"]
[Result "1-0"]
[WhiteElo "2146"]
[BlackElo "1850"]
[PlyCount "47"]
[EventDate "2016.07.22"]
[EventType "team"]
[EventRounds "9"]
[EventCountry "SVK"]
[WhiteTeam "Israel Rehovot Chess School"]
[BlackTeam "Belgium"]

1. e4 e6 2. g3 d5 3. Bg2 Nf6 4. e5 Nfd7 5. d4 c5 6. c3 Nc6 7. Ne2 Be7 8. O-O b5
9. Be3 Qb6 10. Kh1 Bb7 11. f4 b4 12. Nd2 Ba6 13. Nb3 bxc3 14. bxc3 cxd4 15.
cxd4 O-O 16. Bg1 Nb4 17. Rf3 Rfc8 18. Nc3 Bc4 19. f5 exf5 20. Nd2 Ba6 21. a3
Nc6 22. Nxd5 Qa5 23. Rxf5 Rab8 24. e6 1-0

[Event "FIDE World Youth U16 Chess Olympiad SLOVAKIA 2016"]
[Site "Poprad Tatry SLOVAKIA"]
[Date "2016.07.25"]
[Round "5"]
[Board "3"]
[White "Huttl, Sofie"]
[Black "Parkhov, Yair"]
[Result "0-1"]
[WhiteElo "1727"]
[BlackElo "2162"]
[PlyCount "70"]
[EventDate "2016.07.22"]
[EventType "team"]
[EventRounds "9"]
[EventCountry "SVK"]
[WhiteTeam "Belgium"]
[BlackTeam "Israel Rehovot Chess School"]

1. e4 e6 2. d4 d5 3. Nc3 Nf6 4. e5 Nfd7 5. Nf3 c5 6. dxc5 Nc6 7. Bf4 Bxc5 8.
Bd3 h6 9. h4 a6 10. Bg3 b5 11. a3 Bb7 12. Qe2 Qb6 13. Na2 Qc7 14. c3 O-O 15.
O-O Rae8 16. Nb4 Nb6 17. b3 Rc8 18. Nxc6 Qxc6 19. Rfc1 Rfd8 20. Nd2 Qd7 21. Kf1
Rc7 22. f4 d4 23. c4 bxc4 24. Nxc4 Nd5 25. Na5 Ne3+ 26. Kg1 Bxg2 27. b4 Ba7 28.
Bf2 Rxc1+ 29. Rxc1 Ba8 30. Bxe3 dxe3 31. Bxa6 Qd5 32. Kh2 Qe4 33. Kg3 Rd2 34.
Qf1 Rg2+ 35. Kh3 Qf5# 0-1

[Event "FIDE World Youth U16 Chess Olympiad SLOVAKIA 2016"]
[Site "Poprad Tatry SLOVAKIA"]
[Date "2016.07.25"]
[Round "5"]
[Board "4"]
[White "Gorodetzky, Matan"]
[Black "Swennen, Fleur"]
[Result "1-0"]
[WhiteElo "2127"]
[BlackElo "1648"]
[PlyCount "153"]
[EventDate "2016.07.22"]
[EventType "team"]
[EventRounds "9"]
[EventCountry "SVK"]
[WhiteTeam "Israel Rehovot Chess School"]
[BlackTeam "Belgium"]

1. e4 c6 2. d4 d5 3. Nc3 dxe4 4. Nxe4 Bf5 5. Ng3 Bg6 6. h4 h6 7. h5 Bh7 8. Nf3
Nd7 9. Bd3 Bxd3 10. Qxd3 e6 11. Bd2 Ngf6 12. O-O-O Be7 13. Kb1 O-O 14. c4 a6
15. Rc1 b5 16. Qe2 Bd6 17. Ne4 Nxe4 18. Qxe4 Rc8 19. g4 Nf6 20. Qe2 Nh7 21. Ne5
Be7 22. Be3 c5 23. cxb5 cxd4 24. Rxc8 Qxc8 25. Bxd4 Qb7 26. Rc1 Qxb5 27. Qxb5
axb5 28. Rc7 Bf6 29. Rc5 Rd8 30. Bc3 Rd1+ 31. Kc2 Rf1 32. Rc8+ Nf8 33. Nd7 Be7
34. Nxf8 Rxf2+ 35. Kb3 Bxf8 36. Bb4 Rf3+ 37. Kc2 Rf2+ 38. Kc3 Rf3+ 39. Kd2 Rf2+
40. Ke3 Rxb2 41. Rxf8+ Kh7 42. a3 f6 43. Re8 e5 44. Rb8 Rb3+ 45. Kf2 Rb2+ 46.
Kg3 Rb3+ 47. Kh4 Rd3 48. Rxb5 Rd4 49. Be7 Kg8 50. Rb4 Rd1 51. a4 Kf7 52. Bc5
Ke6 53. Rb8 Rc1 54. Bb4 Kd5 55. a5 Rh1+ 56. Kg3 Rg1+ 57. Kh3 Rh1+ 58. Kg2 Ra1
59. Rb7 Ra2+ 60. Kf1 Ra4 61. Bd2 Ra1+ 62. Ke2 Ra4 63. Rxg7 Re4+ 64. Kf3 Ra4 65.
Rg6 e4+ 66. Kf4 Ra3 67. Be3 Ra1 68. Kg3 Ra3 69. Kf2 Ra2+ 70. Ke1 Ra1+ 71. Ke2
Ra2+ 72. Bd2 Kd4 73. Rxf6 e3 74. Rf4+ Ke5 75. Kxe3 Ra3+ 76. Ke2 Kd6 77. Bb4+
 1-0

[Event "FIDE World Youth U16 Chess Olympiad SLOVAKIA 2016"]
[Site "Poprad Tatry SLOVAKIA"]
[Date "2016.07.25"]
[Round "5"]
[Board "1"]
[White "Pechac, Jergus"]
[Black "Miesbauer, Jan"]
[Result "0-1"]
[WhiteElo "2463"]
[BlackElo "2321"]
[PlyCount "114"]
[EventDate "2016.07.22"]
[EventType "team"]
[EventRounds "9"]
[EventCountry "SVK"]
[WhiteTeam "Slovakia 1"]
[BlackTeam "Czech republic"]

1. Nf3 d5 2. c4 c6 3. b3 Bf5 4. g3 Nf6 5. Bg2 h6 6. O-O e6 7. d3 Nbd7 8. Bb2
Be7 9. Nbd2 O-O 10. a3 a5 11. Ra2 Re8 12. Qa1 Nc5 13. Bd4 a4 14. b4 Nb3 15. Qc3
Nxd4 16. Nxd4 Bg6 17. e4 e5 18. N4f3 Bd6 19. Re1 Rc8 20. c5 Bf8 21. Bh3 Rb8 22.
Qa1 dxe4 23. dxe4 Qc7 24. Bf5 Bxf5 25. exf5 Qd7 26. Nxe5 Qxf5 27. Ndc4 Ng4 28.
Rae2 Nxe5 29. Nxe5 Re6 30. Qd4 h5 31. Re3 Rbe8 32. Kg2 f6 33. Nc4 Rxe3 34. Rxe3
Rxe3 35. Nxe3 Qe6 36. Qc4 Kf7 37. Kf3 g6 38. Qxe6+ Kxe6 39. Nc4 Bh6 40. Ke4 Bc1
41. f4 h4 42. Kd4 f5 43. Kc3 Kd5 44. Ne5 hxg3 45. hxg3 g5 46. Nd3 Be3 47. fxg5
Bxg5 48. Kc2 Ke4 49. Nb2 Kf3 50. Nxa4 Kxg3 51. Nc3 Bf6 52. Ne2+ Kf3 53. Kd3 f4
54. a4 Kg4 55. Nxf4 Kxf4 56. b5 Bd8 57. Kc4 Ba5 0-1

[Event "FIDE World Youth U16 Chess Olympiad SLOVAKIA 2016"]
[Site "Poprad Tatry SLOVAKIA"]
[Date "2016.07.25"]
[Round "5"]
[Board "2"]
[White "Anaskin, Arsenij"]
[Black "Haring, Viktor"]
[Result "1/2-1/2"]
[WhiteElo "2139"]
[BlackElo "2289"]
[PlyCount "93"]
[EventDate "2016.07.22"]
[EventType "team"]
[EventRounds "9"]
[EventCountry "SVK"]
[WhiteTeam "Czech republic"]
[BlackTeam "Slovakia 1"]

1. e4 c5 2. Nc3 Nc6 3. Bb5 e6 4. Bxc6 bxc6 5. Nge2 Ne7 6. d3 Ng6 7. O-O Be7 8.
f4 O-O 9. Kh1 d6 10. Ng3 f5 11. Qe2 Qc7 12. Bd2 Bd7 13. exf5 exf5 14. Nd1 Rae8
15. Ne3 d5 16. Nh5 c4 17. Qf3 Qb6 18. Rfe1 Bc5 19. dxc4 d4 20. Nd1 Rxe1+ 21.
Bxe1 Re8 22. Bd2 Bd6 23. b3 c5 24. Nb2 Bc6 25. Qf2 Ba8 26. Nd3 Qc6 27. Re1 Re4
28. Ng3 Rxe1+ 29. Nxe1 Nh4 30. Kg1 Kf7 31. Nf1 Be7 32. Nf3 Nxf3+ 33. Qxf3 Qxf3
34. gxf3 Bxf3 35. c3 Be4 36. cxd4 cxd4 37. b4 Bd3 38. c5 Ke6 39. Bc1 Bxf1 40.
Kxf1 a5 41. a3 Kd5 42. Ke2 Kc4 43. Bd2 Bd8 44. h3 axb4 45. axb4 h6 46. Be1 Bc7
47. Bd2 1/2-1/2

[Event "FIDE World Youth U16 Chess Olympiad SLOVAKIA 2016"]
[Site "Poprad Tatry SLOVAKIA"]
[Date "2016.07.25"]
[Round "5"]
[Board "3"]
[White "Lintner, Igor"]
[Black "Dolansky, Lukas"]
[Result "1-0"]
[WhiteElo "2191"]
[BlackElo "2102"]
[PlyCount "91"]
[EventDate "2016.07.22"]
[EventType "team"]
[EventRounds "9"]
[EventCountry "SVK"]
[WhiteTeam "Slovakia 1"]
[BlackTeam "Czech republic"]

1. e4 e5 2. Nf3 Nc6 3. Bb5 Bc5 4. c3 d6 5. O-O Bd7 6. d4 Bb6 7. Na3 Nge7 8. Nc4
O-O 9. a4 exd4 10. cxd4 Na5 11. Nxb6 axb6 12. Bd3 Nac6 13. h3 f5 14. Ng5 fxe4
15. Bxe4 Bf5 16. Qd3 g6 17. g4 Bxe4 18. Qxe4 Qd7 19. d5 Nd8 20. Re1 Re8 21. Ra3
Nf7 22. Qf3 Ne5 23. Rxe5 Rf8 24. Rxe7 Qxe7 25. Qe3 Qd7 26. Qe6+ Qxe6 27. Nxe6
Rf7 28. b4 c6 29. dxc6 bxc6 30. a5 bxa5 31. bxa5 Re7 32. Re3 Rxa5 33. Bb2 c5
34. Bf6 Re8 35. f4 d5 36. f5 gxf5 37. gxf5 h6 38. Rg3+ Kf7 39. Bc3 Rea8 40.
Rg7+ Ke8 41. Bxa5 Rxa5 42. f6 Ra1+ 43. Kf2 Ra2+ 44. Ke1 Ra1+ 45. Kd2 Rf1 46.
Re7# 1-0

[Event "FIDE World Youth U16 Chess Olympiad SLOVAKIA 2016"]
[Site "Poprad Tatry SLOVAKIA"]
[Date "2016.07.25"]
[Round "5"]
[Board "4"]
[White "Brunova, Blanka"]
[Black "Vrtiakova, Anna"]
[Result "1/2-1/2"]
[WhiteElo "1880"]
[BlackElo "2044"]
[PlyCount "56"]
[EventDate "2016.07.22"]
[EventType "team"]
[EventRounds "9"]
[EventCountry "SVK"]
[WhiteTeam "Czech republic"]
[BlackTeam "Slovakia 1"]

1. d4 d5 2. c4 e6 3. Nc3 Nf6 4. Bg5 Be7 5. e3 Nbd7 6. Nf3 O-O 7. Qc2 a6 8. cxd5
exd5 9. Bd3 b6 10. Ne5 Nxe5 11. dxe5 Ng4 12. Bxe7 Qxe7 13. Nxd5 Qxe5 14. Bxh7+
Kh8 15. Be4 Bb7 16. Nc3 Bxe4 17. Qxe4 Qh5 18. Qf3 Rad8 19. h3 f5 20. Ke2 Nf6
21. g4 Qf7 22. Qf4 Nd5 23. Nxd5 Qxd5 24. gxf5 Rxf5 25. Qh4+ Kg8 26. Rhd1 Qf3+
27. Ke1 Qh1+ 28. Ke2 Qf3+ 1/2-1/2

[Event "FIDE World Youth U16 Chess Olympiad SLOVAKIA 2016"]
[Site "Poprad Tatry SLOVAKIA"]
[Date "2016.07.25"]
[Round "5"]
[Board "1"]
[White "Riess, Alexander"]
[Black "Costachi, Mihnea"]
[Result "1/2-1/2"]
[WhiteElo "2208"]
[BlackElo "2420"]
[PlyCount "77"]
[EventDate "2016.07.22"]
[EventType "team"]
[EventRounds "9"]
[EventCountry "SVK"]
[WhiteTeam "Germany 2"]
[BlackTeam "Romania"]

1. d4 Nf6 2. c4 g6 3. Nc3 Bg7 4. Nf3 O-O 5. e4 d6 6. Be2 e5 7. O-O Nc6 8. d5
Ne7 9. Ne1 Nd7 10. Nd3 f5 11. Bd2 Nf6 12. f3 c5 13. g4 Bd7 14. a3 Qc8 15. Nf2
a6 16. b4 Rb8 17. Rc1 Ne8 18. Kg2 h6 19. h4 b5 20. cxb5 axb5 21. bxc5 dxc5 22.
a4 fxg4 23. fxg4 c4 24. Nxb5 Bxb5 25. axb5 Nd6 26. Bxc4 Nxc4 27. Qe2 Qd8 28.
Qxc4 Nc8 29. Bb4 Rf7 30. d6 Qd7 31. Kg3 Kh7 32. Nd3 Rxf1 33. Rxf1 h5 34. gxh5
gxh5 35. Rf5 Nxd6 36. Bxd6 Qxd6 37. Rxh5+ Bh6 38. Qf7+ Kh8 39. Nxe5 1/2-1/2

[Event "FIDE World Youth U16 Chess Olympiad SLOVAKIA 2016"]
[Site "Poprad Tatry SLOVAKIA"]
[Date "2016.07.25"]
[Round "5"]
[Board "2"]
[White "Gavrilescu, David"]
[Black "Engel, Luis"]
[Result "1/2-1/2"]
[WhiteElo "2274"]
[BlackElo "2276"]
[PlyCount "78"]
[EventDate "2016.07.22"]
[EventType "team"]
[EventRounds "9"]
[EventCountry "SVK"]
[WhiteTeam "Romania"]
[BlackTeam "Germany 2"]

1. e4 c5 2. c3 Nf6 3. e5 Nd5 4. d4 cxd4 5. Nf3 Nc6 6. cxd4 d6 7. Bc4 Nb6 8. Bb3
dxe5 9. d5 Na5 10. Nc3 Nxb3 11. Qxb3 e6 12. Nxe5 exd5 13. O-O Bd6 14. Qb5+ Kf8
15. Bf4 Be6 16. Rfe1 Kg8 17. Rad1 Rc8 18. Qe2 h5 19. h3 Qf6 20. Bh2 Bb8 21. a4
Re8 22. Qb5 Kh7 23. a5 Nc4 24. Nxd5 Bxd5 25. Rxd5 Nxe5 26. Bxe5 Bxe5 27. Rdxe5
Rxe5 28. Rxe5 g6 29. Re2 Qd6 30. Qc4 Qd7 31. g3 Rc8 32. Re7 Qxe7 33. Qxc8 Qe1+
34. Kg2 Qe4+ 35. Kh2 h4 36. Qc3 hxg3+ 37. fxg3 Qd5 38. h4 a6 39. b4 Kg8 1/2-1/2

[Event "FIDE World Youth U16 Chess Olympiad SLOVAKIA 2016"]
[Site "Poprad Tatry SLOVAKIA"]
[Date "2016.07.25"]
[Round "5"]
[Board "3"]
[White "Kopylov, Daniel"]
[Black "Banzea, Alexandru-Bogdan"]
[Result "0-1"]
[WhiteElo "2034"]
[BlackElo "2263"]
[PlyCount "100"]
[EventDate "2016.07.22"]
[EventType "team"]
[EventRounds "9"]
[EventCountry "SVK"]
[WhiteTeam "Germany 2"]
[BlackTeam "Romania"]

1. e4 c5 2. Nf3 a6 3. d4 cxd4 4. Nxd4 Nf6 5. Nc3 e5 6. Nb3 Bb4 7. Bd2 Nc6 8.
Bd3 Bxc3 9. Bxc3 d5 10. exd5 Nxd5 11. Bd2 O-O 12. O-O Qh4 13. Qf3 Nf6 14. Bc3
Bg4 15. Qe3 Nd5 16. Qc5 Nxc3 17. Qxc3 Rac8 18. Qe1 Be6 19. Qe4 Qxe4 20. Bxe4 f5
21. Nc5 Kf7 22. Bd3 e4 23. Nxe6 Kxe6 24. Bc4+ Kf6 25. Rad1 Rfd8 26. Bd5 Ke5 27.
Bxc6 bxc6 28. g3 g5 29. f4+ gxf4 30. gxf4+ Ke6 31. Kf2 Rd5 32. Ke3 Rcd8 33.
Rxd5 cxd5 34. c3 Rg8 35. Rf2 Rg1 36. Rd2 h5 37. Rf2 h4 38. Rd2 a5 39. Rf2 a4
40. Rd2 h3 41. Rf2 Ra1 42. b4 a3 43. Rd2 Rb1 44. Rf2 Rb2 45. Rf1 Rxh2 46. Rg1
Rxa2 47. Rg6+ Kf7 48. Rh6 h2 49. b5 Rb2 50. b6 a2 0-1

[Event "FIDE World Youth U16 Chess Olympiad SLOVAKIA 2016"]
[Site "Poprad Tatry SLOVAKIA"]
[Date "2016.07.25"]
[Round "5"]
[Board "4"]
[White "Jakab, Kincso"]
[Black "Schulze, Lara"]
[Result "0-1"]
[WhiteElo "1915"]
[BlackElo "2103"]
[PlyCount "94"]
[EventDate "2016.07.22"]
[EventType "team"]
[EventRounds "9"]
[EventCountry "SVK"]
[WhiteTeam "Romania"]
[BlackTeam "Germany 2"]

1. e4 e6 2. d4 d5 3. Nd2 c5 4. c3 cxd4 5. cxd4 dxe4 6. Nxe4 Nf6 7. Bd3 Nc6 8.
Nf3 Be7 9. a3 O-O 10. Nc3 b6 11. O-O Bb7 12. Re1 Rc8 13. Be3 Nd5 14. Ne4 Nxe3
15. fxe3 f5 16. Ned2 Kh8 17. Nc4 Bf6 18. b4 g5 19. b5 Ne7 20. Nfe5 Ng6 21.
Nxg6+ hxg6 22. Rc1 Qd5 23. Qe2 Kg7 24. Nd2 Rh8 25. Qf3 Qd7 26. Qg3 Rhd8 27. Nf3
Qd5 28. Nxg5 Rxc1 29. Rxc1 Bxg5 30. Qxg5 Rd7 31. Bc4 Qd6 32. a4 Rc7 33. Rc2 Qb4
34. h4 Qb1+ 35. Bf1 Qxc2 36. h5 Qe4 37. Qxg6+ Kf8 38. h6 Qxe3+ 39. Kh1 Qxd4 40.
Qxe6 Qh4+ 41. Kg1 Qe7 42. Qxf5+ Qf7 43. Qg5 Re7 44. Qd2 Bd5 45. Bd3 Qf6 46. h7
Qd4+ 47. Kh2 Rxh7+ 0-1

[Event "FIDE World Youth U16 Chess Olympiad SLOVAKIA 2016"]
[Site "Poprad Tatry SLOVAKIA"]
[Date "2016.07.25"]
[Round "5"]
[Board "1"]
[White "Livaic, Leon"]
[Black "Bratkovic, Jakob"]
[Result "1-0"]
[WhiteElo "2447"]
[BlackElo "2186"]
[PlyCount "103"]
[EventDate "2016.07.22"]
[EventType "team"]
[EventRounds "9"]
[EventCountry "SVK"]
[WhiteTeam "Croatia"]
[BlackTeam "Slovenia"]

1. d4 d5 2. c4 c6 3. Nf3 Nf6 4. Nc3 e6 5. Bg5 Nbd7 6. cxd5 exd5 7. Qc2 Be7 8.
e3 O-O 9. Bd3 Re8 10. O-O Nf8 11. Rae1 Nh5 12. Bxe7 Qxe7 13. Ne5 g6 14. Rb1 a5
15. a3 Nd7 16. Nxd7 Bxd7 17. Na4 Ng7 18. Nc5 Bf5 19. Rfc1 Bxd3 20. Nxd3 Nf5 21.
g3 Nd6 22. Ne5 Kg7 23. Kg2 Qe6 24. a4 f6 25. Nd3 Ne4 26. b4 axb4 27. Rxb4 Ra7
28. Rcb1 Qe7 29. R1b3 Rea8 30. Rb6 Kh8 31. R3b4 Qc7 32. Nc5 Nxc5 33. dxc5 Qe7
34. Qb2 Rxa4 35. Rxb7 Rxb4 36. Qxb4 Qe6 37. Qh4 Qe4+ 38. Qxe4 dxe4 39. Rc7 Ra6
40. g4 Kg8 41. h4 Kf8 42. Kg3 Kg8 43. h5 gxh5 44. gxh5 Ra1 45. Kf4 Rf1 46. Kxe4
Rxf2 47. Rxc6 Kg7 48. Rd6 f5+ 49. Ke5 Rf3 50. Rd3 Kh6 51. c6 Rf1 52. Rc3 1-0

[Event "FIDE World Youth U16 Chess Olympiad SLOVAKIA 2016"]
[Site "Poprad Tatry SLOVAKIA"]
[Date "2016.07.25"]
[Round "5"]
[Board "2"]
[White "Dobrovoljc, Vid"]
[Black "Muha, Miljenko"]
[Result "1-0"]
[WhiteElo "2246"]
[BlackElo "2257"]
[PlyCount "93"]
[EventDate "2016.07.22"]
[EventType "team"]
[EventRounds "9"]
[EventCountry "SVK"]
[WhiteTeam "Slovenia"]
[BlackTeam "Croatia"]

1. e4 e6 2. d4 d5 3. Nd2 Be7 4. Ngf3 Nf6 5. e5 Nfd7 6. Bd3 c5 7. c3 Nc6 8. O-O
a5 9. Re1 a4 10. Nf1 a3 11. b3 cxd4 12. cxd4 Nb4 13. Bb1 Nb8 14. Re3 N8c6 15.
Rc3 h5 16. h3 Kd7 17. Ne1 Qb6 18. Be3 g6 19. Nd3 Kc7 20. Nd2 Bd7 21. Nc5 Rhc8
22. Nf3 Be8 23. Bg5 Bf8 24. Bxg6 Bxc5 25. dxc5 Qa5 26. Bxh5 Nxa2 27. Rc4 Nab4
28. Be3 a2 29. Rf4 f5 30. Ng5 Bd7 31. Bf7 Qa3 32. Bc1 Qa5 33. Nxe6+ Bxe6 34.
Bxe6 Re8 35. Bxf5 Rxe5 36. Rf3 Rf8 37. Bg4 Rxf3 38. Bxf3 Qxc5 39. Bf4 Kb8 40.
Qe1 Nd3 41. Bxe5+ Ncxe5 42. Qe2 Qc3 43. Qxa2 Nxf3+ 44. gxf3 Qg7+ 45. Kf1 Nf4
46. Qa7+ Kc8 47. Rc1+ 1-0

[Event "FIDE World Youth U16 Chess Olympiad SLOVAKIA 2016"]
[Site "Poprad Tatry SLOVAKIA"]
[Date "2016.07.25"]
[Round "5"]
[Board "3"]
[White "Tomulic, Teo"]
[Black "Zamar Kodelja, Jurij"]
[Result "1/2-1/2"]
[WhiteElo "2121"]
[BlackElo "2103"]
[PlyCount "101"]
[EventDate "2016.07.22"]
[EventType "team"]
[EventRounds "9"]
[EventCountry "SVK"]
[WhiteTeam "Croatia"]
[BlackTeam "Slovenia"]

1. e4 c5 2. Nf3 d6 3. Bc4 Nf6 4. Nc3 Nc6 5. d4 cxd4 6. Nxd4 g6 7. Nxc6 bxc6 8.
e5 Nd7 9. exd6 exd6 10. O-O Ne5 11. Re1 Be7 12. Bb3 O-O 13. Bf4 Qb6 14. Ne4 Bg4
15. Qd2 Rfd8 16. Bg5 Bf8 17. Qf4 Bf5 18. Nf6+ Kh8 19. Qh4 h5 20. Nxh5 gxh5 21.
Qxh5+ Bh7 22. Re4 Ng6 23. Bxf7 Qxb2 24. Rae1 Qg7 25. Bxg6 Qxg6 26. Qh4 Re8 27.
Bf6+ Bg7 28. Be7 Rab8 29. h3 Rb1 30. f3 Rxe1+ 31. Qxe1 Qf7 32. Qh4 Kg8 33. Re1
Bxc2 34. Bxd6 Rxe1+ 35. Qxe1 Bg6 36. a3 Qd5 37. Qe7 Qf7 38. Qd8+ Qe8 39. Qg5
Bh7 40. h4 Kh8 41. h5 Qe6 42. Qf4 Bg8 43. Kh2 Bf7 44. g4 c5 45. Bxc5 Kh7 46.
Bd6 Bh6 47. Qe4+ Qxe4 48. fxe4 Bd2 49. Kg3 Be6 50. Be7 Kh6 51. Kh4 1/2-1/2

[Event "FIDE World Youth U16 Chess Olympiad SLOVAKIA 2016"]
[Site "Poprad Tatry SLOVAKIA"]
[Date "2016.07.25"]
[Round "5"]
[Board "4"]
[White "Amon, Nejc"]
[Black "Radenic, Filip"]
[Result "1/2-1/2"]
[WhiteElo "2104"]
[BlackElo "2083"]
[PlyCount "63"]
[EventDate "2016.07.22"]
[EventType "team"]
[EventRounds "9"]
[EventCountry "SVK"]
[WhiteTeam "Slovenia"]
[BlackTeam "Croatia"]

1. e4 e6 2. d4 d5 3. Nd2 Nf6 4. e5 Nfd7 5. Bd3 c5 6. c3 Nc6 7. Ne2 cxd4 8. cxd4
f6 9. exf6 Nxf6 10. Nf3 Bd6 11. O-O Qc7 12. g3 O-O 13. Bf4 Bd7 14. Rc1 Bxf4 15.
Nxf4 Qb6 16. b3 Rae8 17. Bb1 Nxd4 18. Qxd4 Qxd4 19. Nxd4 e5 20. Nde2 exf4 21.
Nxf4 g5 22. Ng2 Re2 23. Rfe1 Rfe8 24. Ne3 Rb2 25. Red1 Re5 26. Rc7 Bc6 27. Nf5
Ree2 28. Nh6+ Kh8 29. Nf7+ Kg8 30. Nh6+ Kh8 31. Nf7+ Kg8 32. Nh6+ 1/2-1/2

[Event "FIDE World Youth U16 Chess Olympiad SLOVAKIA 2016"]
[Site "Poprad Tatry SLOVAKIA"]
[Date "2016.07.25"]
[Round "5"]
[Board "1"]
[White "Duong, Yisam"]
[Black "Dedebas, Emre Emin"]
[Result "0-1"]
[WhiteElo "1948"]
[BlackElo "2108"]
[PlyCount "86"]
[EventDate "2016.07.22"]
[EventType "team"]
[EventRounds "9"]
[EventCountry "SVK"]
[WhiteTeam "Switzerland"]
[BlackTeam "Turkey"]

1. e4 c5 2. Nf3 e6 3. d4 cxd4 4. Nxd4 Qb6 5. Nb3 Qc7 6. Bd3 a6 7. O-O Nf6 8.
Nc3 b5 9. Be3 Bb7 10. a3 d6 11. Qe1 Nbd7 12. f4 e5 13. Rd1 Be7 14. Qg3 g6 15.
Kh1 Nh5 16. Qf2 exf4 17. Bxf4 Nxf4 18. Qxf4 O-O 19. Nd5 Bxd5 20. exd5 Bf6 21.
c3 Be5 22. Qf3 f5 23. Rc1 Qb6 24. Qf2 Qb7 25. c4 bxc4 26. Bxc4 Nf6 27. Rb1 Ng4
28. Qd2 Nxh2 29. Rfe1 Ng4 30. Nd4 Qb6 31. Rbd1 Rfe8 32. Re2 Qc5 33. Qd3 Bxd4
34. Qxd4 Rxe2 35. Bxe2 Nf2+ 36. Kh2 Nxd1 37. Qxd1 Qf2 38. Bf3 Qh4+ 39. Kg1 Re8
40. Be2 Qe4 41. Bxa6 Qe3+ 42. Kf1 Re4 43. Be2 Rh4 0-1

[Event "FIDE World Youth U16 Chess Olympiad SLOVAKIA 2016"]
[Site "Poprad Tatry SLOVAKIA"]
[Date "2016.07.25"]
[Round "5"]
[Board "2"]
[White "Can, Isik"]
[Black "Giesinger, Elias"]
[Result "0-1"]
[WhiteElo "2103"]
[BlackElo "2051"]
[PlyCount "64"]
[EventDate "2016.07.22"]
[EventType "team"]
[EventRounds "9"]
[EventCountry "SVK"]
[WhiteTeam "Turkey"]
[BlackTeam "Switzerland"]

1. e4 c5 2. Nf3 e6 3. d4 cxd4 4. Nxd4 Nc6 5. Nc3 Qc7 6. Be3 a6 7. Qd2 Nf6 8. f3
h5 9. O-O-O Be7 10. Nb3 d6 11. Be2 b5 12. a3 Bd7 13. g4 hxg4 14. fxg4 Ne5 15.
g5 Nfg4 16. Bxg4 Nxg4 17. Nd4 Nxe3 18. Qxe3 Qc5 19. Rdg1 a5 20. Nb1 Rh4 21. Nd2
b4 22. axb4 axb4 23. Kb1 Qa7 24. Kc1 Bc6 25. Qf2 Rh5 26. Rf1 Qa1+ 27. Nb1 Bxg5+
28. Kd1 Qxb1+ 29. Ke2 Bb5+ 30. Nxb5 Qxc2+ 31. Kf3 Qd3+ 32. Kg2 Qh3+ 0-1

[Event "FIDE World Youth U16 Chess Olympiad SLOVAKIA 2016"]
[Site "Poprad Tatry SLOVAKIA"]
[Date "2016.07.25"]
[Round "5"]
[Board "3"]
[White "Stijve, Theo"]
[Black "Akdogan, Alperen"]
[Result "0-1"]
[WhiteElo "2081"]
[BlackElo "2050"]
[PlyCount "132"]
[EventDate "2016.07.22"]
[EventType "team"]
[EventRounds "9"]
[EventCountry "SVK"]
[WhiteTeam "Switzerland"]
[BlackTeam "Turkey"]

1. e4 Nf6 2. e5 Nd5 3. d4 d6 4. Nf3 dxe5 5. c4 e4 6. cxd5 exf3 7. Qxf3 g6 8.
Bb5+ Nd7 9. Bf4 Bg7 10. Qg3 O-O 11. Bxc7 Qe8 12. Be5 a6 13. Be2 Nxe5 14. dxe5
Qa4 15. Nc3 Qb4 16. O-O Bf5 17. Bd3 Bxe5 18. Qxe5 Bxd3 19. Ne2 Rfd8 20. Rfd1
Bxe2 21. Qxe2 Rac8 22. h3 Rd7 23. Rd2 Qc4 24. Qxc4 Rxc4 25. Rad1 Rd6 26. Kf1
Kf8 27. Ke1 Ke8 28. Ke2 Kd7 29. Rd4 Rxd4 30. Rxd4 Rb6 31. b4 a5 32. bxa5 Rb2+
33. Ke3 Rxa2 34. Rb4 Rxa5 35. Rxb7+ Kd6 36. Rb8 Kxd5 37. Rf8 Ke6 38. h4 Ra4 39.
g3 Kf6 40. Rb8 h5 41. Rb5 e5 42. Rb7 Ke6 43. Kf3 Ra3+ 44. Ke2 f6 45. Rb6+ Kf5
46. Rb4 Ra2+ 47. Kf3 e4+ 48. Ke3 Ra3+ 49. Ke2 Rf3 50. Ra4 Rb3 51. Rc4 g5 52.
Rc5+ Kg4 53. Rc4 f5 54. hxg5 Kxg5 55. Rc8 Kg4 56. Rh8 Rf3 57. Rh7 Kh3 58. Rxh5+
Kg2 59. Rg5 Rxf2+ 60. Ke3 Kf1 61. Rh5 Rf3+ 62. Kd4 e3 63. Rh1+ Kg2 64. Re1 Kf2
65. Ra1 e2 66. g4 fxg4 0-1

[Event "FIDE World Youth U16 Chess Olympiad SLOVAKIA 2016"]
[Site "Poprad Tatry SLOVAKIA"]
[Date "2016.07.25"]
[Round "5"]
[Board "4"]
[White "Onur, Cigdem"]
[Black "Meier, Lukas"]
[Result "1/2-1/2"]
[WhiteElo "1791"]
[BlackElo "1874"]
[PlyCount "87"]
[EventDate "2016.07.22"]
[EventType "team"]
[EventRounds "9"]
[EventCountry "SVK"]
[WhiteTeam "Turkey"]
[BlackTeam "Switzerland"]

1. e4 Nf6 2. e5 Nd5 3. d4 d6 4. Nf3 dxe5 5. Nxe5 c6 6. Be2 Bf5 7. O-O Nd7 8.
Nf3 e6 9. c4 N5f6 10. Nc3 Bd6 11. d5 Qc7 12. dxc6 bxc6 13. h3 e5 14. Be3 O-O
15. Nh4 Be6 16. Qc2 Rab8 17. Rad1 Bc5 18. Bxc5 Nxc5 19. Nf3 h6 20. Rfe1 e4 21.
Nd4 e3 22. Bf3 exf2+ 23. Qxf2 Bxc4 24. Nxc6 Nd3 25. Rxd3 Bxd3 26. Nxb8 Rxb8 27.
Nd5 Nxd5 28. Bxd5 Bg6 29. b3 Rc8 30. Bc4 a5 31. a4 Qd6 32. Qa7 Rc5 33. Qa8+ Kh7
34. Re8 Bf5 35. Rh8+ Kg6 36. Bxf7+ Kxf7 37. Qe8+ Kf6 38. Rf8+ Kg5 39. Qe3+ Kh4
40. Qf2+ Kg5 41. Qe3+ Kh4 42. Qf2+ Kg5 43. Qe3+ Kh4 44. Qf2+ 1/2-1/2

[Event "FIDE World Youth U16 Chess Olympiad SLOVAKIA 2016"]
[Site "Poprad Tatry SLOVAKIA"]
[Date "2016.07.25"]
[Round "5"]
[Board "1"]
[White "Schneider, Jana"]
[Black "Antova, Gabriela"]
[Result "0-1"]
[WhiteElo "2135"]
[BlackElo "2292"]
[PlyCount "44"]
[EventDate "2016.07.22"]
[EventType "team"]
[EventRounds "9"]
[EventCountry "SVK"]
[WhiteTeam "Germany 3"]
[BlackTeam "Bulgaria"]

1. e4 c5 2. Nf3 e6 3. g3 Nc6 4. Bg2 Nf6 5. Qe2 e5 6. O-O Be7 7. c3 O-O 8. Rd1
d5 9. exd5 Qxd5 10. d4 e4 11. Ng5 Bg4 12. f3 exf3 13. Nxf3 cxd4 14. h3 Bc5 15.
Kh2 Qh5 16. Qf1 Ne5 17. Nxe5 Bxd1 18. cxd4 Bxd4 19. Bf3 Qxe5 20. Bf4 Qc5 21.
Qxd1 Bxb2 22. Bd6 Qf2+ 0-1